Responses for show #6555 - Friday, March 1, 2013

Contestants

[<< previous game]

Melissa Leanza, a bookkeeper from Laguna Hills, California

Craig Sallinger, a government librarian from Washington, D.C.

Sara Garnett, a graduate student of zoology originally from Okemos, Michigan (whose 2-day cash winnings total $53,402)

[next game >>]

Jeopardy! Round responses

HOMOPHONIC PAIRS
PRESIDENTIAL POOCHES
WITCH MOVIE?
PLACES IN TEXAS, PLUS
LINES
HEY, "BERT"
    $200 14
thyme time

Craig
    $200 1
Abraham Lincoln

Melissa
    $200 15
The Lion, The Witch, And The Wardrobe

Sara
    $200 13
(Craig: What is IPCRESS?)
...
(Alex: What is [*]? The [*] File.)

Odessa

Craig
Triple Stumper
    $200 10
your palm

Craig
    $200 2
the philbert

Melissa
    $400 20
a feet feat

Sara
    $400 4
Veto

Melissa
    $400 16
Hermione

Sara
    $400 27
Tuxedo

Craig
    $400 11
the floodline (waterline)

Melissa
    $400 3
Dilbert

Craig
    $600 21
bruise brews (ail ale accepted)

Sara
    $600 5
a golden retriever

Sara
    $600 17
The Blair Witch Project

Craig
    $600 28
(Craig: What is Torriador?)

Matador

SaraCraig
    $600 24
(Melissa: What is a pipeline?)
(Alex: Be more specific.)
(Melissa: What is [*]?)

the Alaskan Pipeline

Melissa
    $600 8
King Albert

Sara
    $800 22
a lye lie

Sara
    $1,000 6
(Alex: Yeah, I guess you had to pick him, the only Frenchman that comes to mind when you think of the early days of our country.)

LaFayette

Sara
    $800 18
Bedknobs And Broomsticks

Sara
    $800 29
Temple

Melissa
    $800 25
the Tropic of Cancer

Craig
    $800 9
(Franz) Schubert

Craig
    $1000 23
all awl

Melissa
    $1000 7
Buddy

Sara
    $1000 19
Monty Python And The Holy Grail

Sara
    $1000 30
(Alex: He was known as John [*].)

Lackland

Triple Stumper
    $1000 26
(Sara: What is Brazil?)
...
(Alex: [*] is the country.)

Costa Rica

SaraCraig
    $1000 12
Robert the Bruce

Melissa

Scores at the first commercial break (after clue 14):

Sara Craig Melissa
$3,200 $1,400 $2,200

Scores at the end of the Jeopardy! Round:

Sara Craig Melissa
$7,000 $3,600 $4,600

Double Jeopardy! Round responses

THE E.U. COUNTRY THAT...
"NU" DIRECTIONS
CONTEMPORARIES
WINGS
DRUMSTICKS
(Alex: All kinds of ....)
CHICKEN PARTS
    $400 1
Greece

Sara
    $400 6
the numerator

Melissa
    $400 7
Joan of Arc

Sara
    $400 12
The Spirit of St. Louis

Craig
    $400 17
Ringo Starr

Craig
    $800 2
(Craig: What is Denmark?)

Poland

SaraCraig
    $800 22
nutrients

Craig
    $800 8
(Sir Christopher) Wren

Craig
    $800 13
(Chuck) Yeager

Craig
    $800 18
(Melissa: Who is Jason Bonham?)

John Bonham

CraigMelissa
    $1200 3
Cyprus

Craig
    $1200 23
a nuisance

Melissa
    $1200 9
(Craig: Who is Don Giovanni?)

Casanova

SaraCraig
    $1200 14
the Spruce Goose

Melissa
    $1200 19
Def Leppard

Craig
    $1200 26
(Sara: Who is Pat Garrett?)

Robert Ford

SaraCraig
    $2,500 4
(Craig: What is France?)

Denmark

Craig
    $1600 24
nuclear

Sara
    $1600 10
Lake Victoria

Craig
    $1600 15
the Red Baron (Baron Richthofen)

Sara
    $1600 20
Rush

Craig
    $1600 27
The Red Badge of Courage

Craig
    $2000 5
(Craig: What is Switzerland?)

Austria

Craig
Triple Stumper
    $2000 25
numismatic

Craig
    $2000 11
(Joseph) Lister

Craig
    $2000 16
Bockscar

Craig
    $2000 21
(Craig: Who is Buddy Rich?)

Gene Krupa

Craig
Triple Stumper
    $2,500 28
(Craig: Who is ... )
(Ale: Say something.)
(Craig: No.)

Paris

Craig

Scores at the end of the Double Jeopardy! Round:

Sara Craig Melissa
$11,800 $11,000 $6,600

[wagering suggestions for these scores]

Final Jeopardy! Round responses

BUSINESS HISTORY
MelissaWho is Sarnoff
$6,000
CraigWho is Nielsen?
$10,998
SaraWho is Nielsen?
$10,201
A.C. Nielsen

Final scores:

Sara Craig Melissa
$22,001 $21,998 $600
3-day champion: $75,403 2nd place: $2,000 3rd place: $1,000

Game dynamics:

Coryat scores:

Sara Craig Melissa
$11,600 $16,000 $6,600
18 R
(including 1 DD),
2 W
23 R,
8 W
(including 2 DDs)
11 R,
1 W

Combined Coryat: $34,200

The J! Archive is created by fans, for fans. The Jeopardy! game show and all elements thereof, including but not limited to copyright and trademark thereto, are the property of Jeopardy Productions, Inc. and are protected under law. This website is not affiliated with, sponsored by, or operated by Jeopardy Productions, Inc. Join the discussion at JBoard.tv.